Cablemania : (Record no. 185307)
[ view plain ]
| 000 -LEADER | |
|---|---|
| fixed length control field | 00985 a2200205 4500 |
| 003 - CONTROL NUMBER IDENTIFIER | |
| control field | NUST |
| 005 - DATE AND TIME OF LATEST TRANSACTION | |
| control field | 20230116165751.0 |
| 010 ## - LIBRARY OF CONGRESS CONTROL NUMBER | |
| LC control number | 82016633 |
| 020 ## - INTERNATIONAL STANDARD BOOK NUMBER | |
| International Standard Book Number | 013110098X (pbk.) |
| 020 ## - INTERNATIONAL STANDARD BOOK NUMBER | |
| International Standard Book Number | 0131101064 |
| 040 ## - CATALOGING SOURCE | |
| Transcribing agency | Nust |
| 082 00 - DEWEY DECIMAL CLASSIFICATION NUMBER | |
| Classification number | 384.5556,ROM |
| 100 1# - MAIN ENTRY--PERSONAL NAME | |
| Personal name | Roman, James W. |
| 9 (RLIN) | 106914 |
| 245 10 - TITLE STATEMENT | |
| Title | Cablemania : |
| Remainder of title | the cable television sourcebook / |
| Statement of responsibility, etc. | James W. Roman. |
| 260 ## - PUBLICATION, DISTRIBUTION, ETC. | |
| Place of publication, distribution, etc. | Englewood Cliffs, N.J. : |
| Name of publisher, distributor, etc. | Prentice-Hall, |
| Date of publication, distribution, etc. | c1983. |
| 300 ## - PHYSICAL DESCRIPTION | |
| Extent | x, 278 p. : |
| Other physical details | ill. ; |
| Dimensions | 24 cm. |
| 505 ## - FORMATTED CONTENTS NOTE | |
| Formatted contents note | Cable Television (Page-1), Cable, The Courts and the FCC (Page-11), Technology (Page-31), Programming (Page-57), Corporate Leaders in Cable Television (Page-103), Broadcaster, Publishers and Cable (Page-117), Franchising (Page-135), Foreign Cable Systems (Page-151), Minorites in Cable Television (Page-173), Public Access Production Primer (Page-185), Employment Opportunities in Cable (Page-217), Future (Page-221). |
| 650 #0 - SUBJECT ADDED ENTRY--TOPICAL TERM | |
| Topical term or geographic name entry element | Cable television. |
| 9 (RLIN) | 64734 |
| 942 ## - ADDED ENTRY ELEMENTS (KOHA) | |
| Source of classification or shelving scheme | |
| Koha item type | Book |
| Call number prefix | 384.5556,ROM |
| Withdrawn status | Lost status | Source of classification or shelving scheme | Damaged status | Not for loan | Permanent Location | Current Location | Shelving location | Date acquired | Full call number | Barcode | Date last seen | Price effective from | Koha item type | Public note |
|---|---|---|---|---|---|---|---|---|---|---|---|---|---|---|
| Military College of Signals (MCS) | Military College of Signals (MCS) | General Stacks | 12/12/2016 | 384.5556,ROM | MCS6913 | 12/08/2016 | 12/12/2016 | Book | Almirah No.54, Shelf No.5 |
